Countries with the Most MLB Players per Capita - Statistics

General Stats
  • This quiz has been taken 25 times
  • The average score is 7 of 10
Answer Stats
Players/1M Answer % Correct
11.8 Dominican Republic
88%
2.9 United States
88%
0.40 Canada
79%
2.9 Cuba
79%
3.0 Venezuela
71%
1.8 Panama
63%
8.3 Puerto Rico
63%
18.5 Aruba
50%
2.5 Bahamas
42%
0.43 Nicaragua
33%
No matching quizzes found
Score Distribution
Percent of People with Each Score
Percentile by Number Answered
Your Score History
You have not taken this quiz